Closest Country to Random City - Statistics

General Stats
  • This quiz has been taken 74 times
  • The average score is 14 of 20
Answer Stats
City Closest Country % Correct
Tunis Algeria
100%
Valencia, Spain Algeria
100%
Mbuji-Mayi Angola
100%
Asunción Argentina
100%
Montevideo Argentina
100%
Auckland Australia
100%
Munich Austria
100%
Bratislava Austria
100%
Moscow Belarus
100%
Vilnius Belarus
100%
Lhasa Bhutan
100%
Goiânia Bolivia
100%
Pretoria Botswana
100%
Lima Brazil
100%
Istanbul Bulgaria
100%
Ho Chi Minh City Cambodia
100%
Port Harcourt Cameroon
100%
New York Canada
100%
Chicago Canada
100%
Philadelphia Canada
100%
Washington Canada
100%
Minneapolis Canada
100%
Salt Lake City Canada
100%
Mendoza Chile
100%
Mandalay China
100%
Kathmandu China
100%
Taichung China
100%
Caracas Colombia
100%
Panama City Colombia
100%
Quito Colombia
100%
Maracaibo Colombia
100%
Barquisimeto Colombia
100%
Valencia, Venezuela Colombia
100%
Kumasi Côte d'Ivoire
100%
Luanda Democratic Republic of the Congo
100%
Gothenburg Denmark
100%
Port-au-Prince Dominican Republic
100%
Benghazi Egypt
100%
Guatemala City El Salvador
100%
Douala Equatorial Guinea
100%
Libreville Equatorial Guinea
100%
São Tomé Equatorial Guinea
100%
Helsinki Estonia
100%
Barcelona France
100%
Stuttgart France
100%
Frankfurt France
100%
Bern France
100%
Paramaribo France (French Guiana)
100%
Yaoundé Gabon
100%
Dakar Gambia
100%
Zurich Germany
100%
Prague Germany
100%
San Pedro Sula Guatemala
100%
Manaus Guyana
100%
San Salvador Honduras
100%
Karachi India
100%
Lahore India
100%
Colombo India
100%
Rawalpindi India
100%
Perth Indonesia
100%
Cebu Indonesia
100%
Davao Indonesia
100%
Baghdad Iran
100%
Isfahan Iraq
100%
Birmingham Ireland
100%
Leeds Ireland
100%
Alexandria Israel
100%
Marseille Italy
100%
Valletta Italy
100%
Busan Japan
100%
Daegu Japan
100%
Tel Aviv Jordan
100%
Nizhny Novgorod Kazakhstan
100%
Chelyabinsk Kazakhstan
100%
Volgograd Kazakhstan
100%
Dar es Salaam Kenya
100%
Kampala Kenya
100%
Damascus Lebanon
100%
Haifa Lebanon
100%
Minsk Lithuania
100%
Singapore Malaysia
100%
Los Angeles Mexico
100%
Dallas Mexico
100%
Phoenix Mexico
100%
San Diego Mexico
100%
Denver Mexico
100%
Las Vegas Mexico
100%
San Antonio Mexico
100%
New Orleans Mexico
100%
Zhengzhou Mongolia
100%
Ürümqi Mongolia
100%
Shijiazhuang Mongolia
100%
Taiyuan Mongolia
100%
Sarajevo Montenegro
100%
Harare Mozambique
100%
Chiang Mai Myanmar
100%
Cape Town Namibia
100%
Delhi Nepal
100%
Nagpur Nepal
100%
Melbourne New Zealand
100%
Adelaide New Zealand
100%
San José, Costa Rica Nicaragua
100%
Kano Niger
100%
Tianjin North Korea
100%
Incheon North Korea
100%
Dubai Oman
100%
Abu Dhabi Oman
100%
Mumbai Pakistan
100%
Surat Pakistan
100%
Kabul Pakistan
100%
Jaipur Pakistan
100%
Belo Horizonte Paraguay
100%
La Paz Peru
100%
Kaohsiung Philippines
100%
Lviv Poland
100%
Ulaanbaatar Russia
100%
Sendai Russia
100%
Kuwait City Saudi Arabia
100%
Doha Saudi Arabia
100%
Sofia Serbia
100%
Prishtina Serbia
100%
Conakry Sierra Leone
100%
Vienna Slovakia
100%
Shanghai South Korea
100%
Nanjing South Korea
100%
Fukuoka South Korea
100%
Qingdao South Korea
100%
Khartoum South Sudan
100%
Lisbon Spain
100%
Algiers Spain
100%
Chennai Sri Lanka
100%
Jeddah Sudan
100%
Mecca Sudan
100%
Georgetown, Guyana Suriname
100%
Copenhagen Sweden
100%
Oslo Sweden
100%
Milan Switzerland
100%
Beirut Syria
100%
Wuhan Taiwan
100%
Dongguan Taiwan
100%
Hangzhou Taiwan
100%
Changsha Taiwan
100%
Hefei Taiwan
100%
Nanchang Taiwan
100%
Shaoxing Taiwan
100%
Nairobi Tanzania
100%
Mombasa Tanzania
100%
Vientiane Thailand
100%
Naypyitaw Thailand
100%
Accra Togo
100%
Tripoli Tunisia
100%
Yerevan Turkey
100%
Nicosia Turkey
100%
Aleppo Turkey
100%
Toronto United States
100%
Vancouver United States
100%
Nassau United States
100%
Querétaro United States
100%
Buenos Aires Uruguay
100%
Porto Alegre Uruguay
100%
Rosario Uruguay
100%
Naples Vatican City
100%
Bogotá Venezuela
100%
Port of Spain Venezuela
100%
Phnom Penh Vietnam
100%
Lusaka Zimbabwe
100%
Port Moresby Australia
75%
Johannesburg Botswana
75%
Ankara Bulgaria
75%
Seattle Canada
75%
Brussels Netherlands
75%
Bissau Senegal
75%
Wenzhou Taiwan
75%
Paris Belgium
67%
Rotterdam Belgium
67%
Brazzaville Democratic Republic of the Congo
67%
Hamburg Denmark
67%
Tallinn Finland
67%
Turin France
67%
Lomé Ghana
67%
Malé India
67%
Riga Lithuania
67%
Lilongwe Mozambique
67%
Sydney New Zealand
67%
Salvador Paraguay
67%
Belgrade Romania
67%
Harbin Russia
67%
Budapest Slovakia
67%
Pyongyang South Korea
67%
Casablanca Spain
67%
Kochi Sri Lanka
67%
Adana Syria
67%
Tehran Turkmenistan
60%
Pointe-Noire Angola
50%
São Paulo Argentina
50%
Rio de Janeiro Argentina
50%
Riyadh Bahrain
50%
Kolkata Bangladesh
50%
Brasília Bolivia
50%
Abuja Cameroon
50%
N'Djamena Cameroon
50%
Portland Canada
50%
Bujumbura Democratic Republic of the Congo
50%
St. Petersburg Estonia
50%
Maputo eSwatini
50%
London France
50%
Recife France (French Guiana)
50%
Fortaleza France (French Guiana)
50%
Antananarivo France (Mayotte)
50%
Abidjan Ghana
50%
Puebla Guatemala
50%
Bamako Guinea
50%
Gujranwala India
50%
Ashgabat Iran
50%
Muscat Iran
50%
Manchester Ireland
50%
Glasgow Ireland
50%
Samara Kazakhstan
50%
Novosibirsk Kazakhstan
50%
Durban Lesotho
50%
Port Elizabeth Lesotho
50%
Surabaya Malaysia
50%
Medan Malaysia
50%
Krasnoyarsk Mongolia
50%
Lucknow Nepal
50%
Kanpur Nepal
50%
Indore Pakistan
50%
Medellín Panama
50%
Santa Cruz Paraguay
50%
Guayaquil Peru
50%
Berlin Poland
50%
Madrid Portugal
50%
Sapporo Russia
50%
Nur-Sultan Russia
50%
Florence San Marino
50%
Manama Saudi Arabia
50%
Zagreb Slovenia
50%
Thrissur Sri Lanka
50%
Fuzhou Taiwan
50%
Suva Tonga
50%
Reykjavik United Kingdom
50%
Dushanbe Uzbekistan
50%
Port Louis France (Réunion)
33%
Izmir Greece
33%
Tirana North Macedonia
33%
Manila Taiwan
33%
Palermo Tunisia
33%
Praia Senegal
25%
Peshawar Afghanistan
0%
Podgorica Albania
0%
Santiago Argentina
0%
Curitiba Argentina
0%
Tabriz Armenia
0%
Ljubljana Austria
0%
Tbilisi Azerbaijan
0%
Miami Bahamas
0%
Tampa Bahamas
0%
Kiev Belarus
0%
Warsaw Belarus
0%
Amsterdam Belgium
0%
Cologne Belgium
0%
Mérida Belize
0%
Lagos Benin
0%
Ibadan Benin
0%
Benin City Benin
0%
Windhoek Botswana
0%
Kota Kinabalu Brunei
0%
Bucharest Bulgaria
0%
Niamey Burkina Faso
0%
Kigali Burundi
0%
Malabo Cameroon
0%
Atlanta Canada
0%
Boston Canada
0%
Detroit Canada
0%
Anchorage Canada
0%
St. Louis Canada
0%
Córdoba, Argentina Chile
0%
Vladivostok China
0%
Venice Croatia
0%
Kingston Cuba
0%
Katowice Czechia
0%
Bangui Democratic Republic of the Congo
0%
Addis Ababa Djibouti
0%
Aden Djibouti
0%
San Juan Dominican Republic
0%
Makassar East Timor
0%
Cali Ecuador
0%
Medina Egypt
0%
Mogadishu Ethiopia
0%
Asmara Ethiopia
0%
Stockholm Finland
0%
Luxembourg France
0%
Belém France (French Guiana)
0%
Ouagadougou Ghana
0%
Freetown Guinea
0%
Santo Domingo Haiti
0%
Managua Honduras
0%
Dhaka India
0%
Chittagong India
0%
Faisalabad India
0%
Kuala Lumpur Indonesia
0%
Kuching Indonesia
0%
Baku Iran
0%
Basra Iran
0%
Shiraz Iraq
0%
Cairo Israel
0%
Amman Israel
0%
Taipei Japan
0%
Kazan Kazakhstan
0%
Ufa Kazakhstan
0%
Bishkek Kazakhstan
0%
Tashkent Kazakhstan
0%
Yekaterinburg Kazakhstan
0%
Perm Kazakhstan
0%
Omsk Kazakhstan
0%
Honolulu Kiribati
0%
Skopje Kosovo
0%
Almaty Kyrgyzstan
0%
Hanoi Laos
0%
Jakarta Malaysia
0%
Houston Mexico
0%
San Francisco Mexico
0%
Belize City Mexico
0%
Odesa Moldova
0%
Beijing Mongolia
0%
Xi'an Mongolia
0%
Lanzhou Mongolia
0%
Handan Mongolia
0%
Málaga Morocco
0%
Bangkok Myanmar
0%
Chengdu Myanmar
0%
Tegucigalpa Nicaragua
0%
Cotonou Nigeria
0%
Seoul North Korea
0%
Shenyang North Korea
0%
Dalian North Korea
0%
Changchun North Korea
0%
Tangshan North Korea
0%
Thessaloniki North Macedonia
0%
Ahmedabad Pakistan
0%
Pune Pakistan
0%
Brisbane Papua New Guinea
0%
Honiara Papua New Guinea
0%
Campinas Paraguay
0%
Seville Portugal
0%
Kinshasa Republic of the Congo
0%
Kharkiv Russia
0%
Gdańsk Russia
0%
Dnipro Russia
0%
Donetsk Russia
0%
Kisangani Rwanda
0%
Sana'a Saudi Arabia
0%
Nouakchott Senegal
0%
Monrovia Sierra Leone
0%
Batam Singapore
0%
Krakow Slovakia
0%
Djibouti Somalia
0%
Gaborone South Africa
0%
Tokyo South Korea
0%
Osaka South Korea
0%
Nagoya South Korea
0%
Jinan South Korea
0%
Changzhou South Korea
0%
Hamamatsu South Korea
0%
Zibo South Korea
0%
Weifang South Korea
0%
Huai'an South Korea
0%
Yantai South Korea
0%
Hiroshima South Korea
0%
Porto Spain
0%
Tangier Spain
0%
Bengaluru Sri Lanka
0%
Hyderabad, India Sri Lanka
0%
Kozhikode Sri Lanka
0%
Malappuram Sri Lanka
0%
Coimbatore Sri Lanka
0%
Thiruvananthapuram Sri Lanka
0%
Bridgetown St. Lucia
0%
Lyon Switzerland
0%
Guangzhou Taiwan
0%
Shenzhen Taiwan
0%
Hong Kong Taiwan
0%
Foshan Taiwan
0%
Suzhou Taiwan
0%
Shantou Taiwan
0%
Ningbo Taiwan
0%
Xiamen Taiwan
0%
Wuxi Taiwan
0%
Zhongshan Taiwan
0%
Yangon Thailand
0%
Apia Tonga
0%
Athens Turkey
0%
Mosul Turkey
0%
Mashhad Turkmenistan
0%
Juba Uganda
0%
Chișinău Ukraine
0%
Dublin United Kingdom
0%
Mexico City United States
0%
Guadalajara United States
0%
Monterrey United States
0%
Montréal United States
0%
Havana United States
0%
Toluca United States
0%
Rome Vatican City
0%
Barranquilla Venezuela
0%
Chongqing Vietnam
0%
Kunming Vietnam
0%
Nanning Vietnam
0%
Guiyang Vietnam
0%
Lubumbashi Zambia
0%
No matching quizzes found
Score Distribution
Percent of People with Each Score
Percentile by Number Answered
Your Score History
You have not taken this quiz